| 000 | 01279nab a22002415a 4500 | ||
|---|---|---|---|
| 005 | 20240918161236.0 | ||
| 007 | ta | ||
| 008 | 240918t2024 xxk r | o000 0 eng | | ||
| 041 | 0 | _aeng | |
| 245 | 0 | 0 | _aBarclays Bank Plc and Poundland Ltd v Moore (VO) |
| 260 |
_aValuation Tribunal _b[2024] RA 281 _c5 June 2024 |
||
| 300 | _a19p. | ||
| 440 |
_aRating Appeals _n2024 _ppart 9 |
||
| 520 | _aMr Steven Levy sitting for the The Valuation Tribunal for England rejected the valuation officer's argument that the locality of four retail units in Kettering and in Corby were a reasonable walking distance from each unit because many people travelled by car or public transport and that Rushden Lake shopping centre 12-20 miles away, built in 2017, was in the 'locality' of the four subject retail units. It was argued that its opening had driven footfall and revenue away from surrounding town centres. | ||
| 650 | 0 | _aLOCAL GOVERNMENT FINANCE ACT 1988 | |
| 650 | 0 | _aLOCALITY | |
| 650 | 0 | _aRATING | |
| 650 | 0 | _aRATEABLE VALUE | |
| 651 | 4 | _aEngland | |
| 690 |
_aValuation _96273 |
||
| 856 |
_uhttps://www.rics.org/profession-standards/knowledge-and-information-services/document-delivery-and-other-kis-fees _zAvailable via document delivery (fees apply) |
||
| 942 |
_n0 _2ddc |
||
| 999 |
_c122000 _d122000 |
||